Catalysis by supported complexes /

Guardado en:
Autor Principal: Ermakov, ëIìUrii. I. 1935-
Otros Autores: Kuzneëtìsov, B. N. 1945-, Zakharov, V. A. 1942-
Formato: Libro
Idioma:English
Publicado: Amsterdam : New York : Elsevier Scientific Pub. Co. ; Distributors for the United States and Canada, Elsevier North-Holland, 1981.
Series:Studies in surface science and catalysis ; 8
Materias:
Etiquetas: Agregar Etiqueta
Sin Etiquetas, Sea el primero en etiquetar este registro!
LEADER 01118cam a22002655a 4500
001 EIQ.libpla003545
008 810717s1981####ne#a#####b####001#0#eng#d
005 20080520192240.0
245 1 0 |a Catalysis by supported complexes /  |c Yu.I. Yermakov, B.N. Kuznetsov, V.A. Zakharov. 
260 |a Amsterdam :  |b Elsevier Scientific Pub. Co. ;  |a New York :  |b Distributors for the United States and Canada, Elsevier North-Holland,  |c 1981. 
300 |a xx, 522 p. :  |b il. ;  |c 25 cm. 
440 0 |a Studies in surface science and catalysis ;  |v 8 
504 |a Incluye referencias bibliográficas e índice. 
020 |a 0444420142 
100 1 |a Ermakov, ëIìUrii. I.  |q (ëIìUrii Ivanovich),  |d 1935- 
700 1 |a Kuzneëtìsov, B. N.  |q (Boris Nikolaevich),  |d 1945- 
700 1 |a Zakharov, V. A.  |q (Vladimir A.),  |d 1942- 
082 0 0 |a 541.3/95  |2 19 
650 4 |a Catálisis  |x Catalizadores. 
650 4 |a Catálisis  |x Compuestos organometálicos. 
650 4 |a Catalysis  |x Catalysts. 
650 4 |a Catalysis  |x Organometallic compounds. 
010 |a  81009886  
040 |a DLC  |c DLC  |d AR-BbSID 
859 |a AR-BbSID  |b BIB. PLAPIQUI  |h 541.395  |i S 1  |p 2661